Developmental biology of flowering plants

Spremljeno u:
Bibliografski detalji
Glavni autor: Raghavan, Valayamghat (Autor)
Format: Knjiga
Jezik:engleski
Izdano: Nueva York Springer 2000
Teme:
Oznake: Dodaj oznaku
Bez oznaka, Budi prvi tko označuje ovaj zapis!

MARC

LEADER 00000nam a2200000 a 4500
001 UCO1432
003 CL-VaPUC
008 000512e20000000US |||||||||||||||||eng|d
082 0 4 |a 571.82  |b RAG  |2 21 
100 0 |a Raghavan, Valayamghat  |e author  |9 443537 
245 1 0 |a Developmental biology of flowering plants 
300 |a 354 p 
942 |c BK 
945 |d 20000512 00:00:00  |a vberengu 
260 |a Nueva York  |b Springer  |c 2000 
650 0 |a Angiospermas  |9 269542 
650 0 |a Crecimiento vegetal  |9 359570 
650 7 |a DESARROLLO FISIOLOGICO  |2 CL-VaPUC  |9 312423 
650 0 |a Desarrollo vegetal  |9 338112 
583 |a last modification  |c 20000512 00:00:00  |k Rodrigo Vera 
999 |c 288053  |d 288051 
952 |0 0  |1 0  |4 0  |6 571_820000000000000_RAG_2000  |7 0  |8 A  |9 335244  |a BIBAGR  |b BIBAGR  |d 2019-11-20  |i 3609820  |o 571.82 RAG 2000  |p 3609820  |r 2025-01-20  |w 2019-11-20  |y BK  |k AGR